|
|
|
|
| LEADER |
00859nam a2200253 a 4500 |
| 001 |
0896080773 |
| 008 |
100105s1981 maua 001 0 eng d |
| 020 |
|
|
|a 0896080773
|
| 020 |
|
|
|a 0896080781
|
| 040 |
|
|
|a EA
|d BD-DhAAL
|
| 082 |
0 |
0 |
|a 335
|2 19
|
| 100 |
1 |
|
|a Albert, Michael,
|d 1947-
|
| 245 |
1 |
0 |
|a Socialism today and tomorrow /
|c Michael Albert and Robin Hahnel.
|
| 260 |
|
|
|a Boston, Mass. :
|b South End Press,
|c 1981.
|
| 300 |
|
|
|a 406 p. :
|c 22 cm.
|
| 490 |
0 |
|
|a Socialism in theory and practice
|
| 504 |
|
|
|a Includes index.
|
| 541 |
1 |
|
|e 00009668
|
| 650 |
|
0 |
|a Socialism.
|
| 650 |
|
0 |
|a Communism.
|
| 700 |
1 |
|
|a Hahnel, Robin
|
| 852 |
4 |
|
|a Ayesha Abed Library
|j General shelf
|
| 999 |
|
|
|c 6708
|d 6708
|
| 952 |
|
|
|0 0
|1 0
|2 ddc
|4 0
|6 335_ALB_198100000000000
|7 0
|9 6884
|a BRACUL
|b BRACUL
|c GEN
|d 2010-01-06
|l 1
|o 335 ALB
|p 3010009668
|r 2014-08-05
|s 2014-08-04
|t 1
|w 2010-01-06
|y BK
|